000 00419pab a2200157 454500
008 180718b2011 xxu||||| |||| 00| 0 eng d
100 _aGhosh, Soumitra
245 _aCatastropic payments and impoverishment due to out of pocket health spending
260 _c2011
300 _ap.63-70.
362 _a19 Nov
650 _aHealth Services
773 _aEconomic and Political Weekly
908 _aN
909 _a94471
999 _c94471
_d94471